Biró jelölés
Referát o zasadnutí obecného zastupiteľstva v Michalovciach na navrhnutie kandidáta richtára obce. Väčšina navrhovala daňového kontrolóra Bélu Walkovszkého, menšina Ágostona Rontsinszkého.
| Médium: | Článok |
|---|---|
| Jazyk: | Hungarian |
| Témy: | |
| Zdroj: |
1. Felsö-Zemplén 1. Roč. 11, č. 21 (17.05.1906) s. 2 |
| LEADER | 00920nab#a2200301#ar4500 | ||
|---|---|---|---|
| 001 | 000076491 | ||
| 003 | SVKKK | ||
| 005 | 20050809xxxxxxx. | ||
| 008 | 06 c xo huno | ||
| FMT | |||
| 038 | |a SVKKK | ||
| 040 | |a SVKKK |b slo |e AACR2 | ||
| 041 | 0 | |a hun | |
| 044 | |a xo |c SK | ||
| 080 | |a 351 | ||
| 242 | 1 | 0 | |a Kandidovanie richtára |
| 245 | 0 | 0 | |a Biró jelölés |
| 500 | |a Ex/Ro-75 | ||
| 520 | 2 | |a Referát o zasadnutí obecného zastupiteľstva v Michalovciach na navrhnutie kandidáta richtára obce. Väčšina navrhovala daňového kontrolóra Bélu Walkovszkého, menšina Ágostona Rontsinszkého. | |
| 650 | 0 | 4 | |a voľba richtára - Walkowszky, Vojtech (kontroló - Michalovce - rok 1906 - srpávy |
| 773 | 0 | |t Felsö-Zemplén |g Roč. 11, č. 21 (17.05.1906) s. 2 | |
| 957 | |a Michalovce | ||
| 958 | |a DG | ||
| 958 | |a SK | ||
| 974 | |a zuz |d 20050809 | ||
| 992 | |a RBX | ||
| BAS | |||
| 998 | |a RETRO | ||